| 000 | 01888nam a22002777a 4500 | ||
|---|---|---|---|
| 003 | OSt | ||
| 005 | 20210303160512.0 | ||
| 008 | 210303s2003 mx ao||gr|||| 00| 0cspa d | ||
| 020 | _a9707100745 | ||
| 040 |
_aCO-JMCR _cCO-JMCR |
||
| 041 | 0 | _aspa | |
| 082 | 0 | 4 |
_a923.3 / _bR457d _223 |
| 100 | 1 |
_aReyes, Gerardo, _ecoordinador _914333 |
|
| 245 | 1 | 4 |
_aLos dueños de América Latina / _cGerardo Reyes |
| 250 | _a1° edición | ||
| 260 |
_aMéxico : _bEdiciones B, _c2003 |
||
| 300 |
_a328 páginas : _bilustraciones, fotografías a blanco y negro ; _c23 cm. |
||
| 500 | _a"Cómo amasaron sus fortunas los personajes más ricos e influyentes de la región"--Tapa Incluye datos biográficos del coordinador. | ||
| 520 | 3 | _aGracias a la colaboración de un grupo de reconocidos periodistas, encabezados por Gerardo Reyes, fue posible la realización de este álbum con los perfiles de los hombres y mujeres que influyen en la vida de millones de personas en América Latina. Los empresarios que presentamos a continuación han sido, en los últimos diez años, las personas más ricas e influyentes de la región. Este libro cuenta la manera como amasaron y han hecho crecer sus fortunas. Carlos Slim Helú, Lorenzo Mendoza, Gustavo Cisneros, Moises y Joseph Safra, Jerónimo Arango, Antonio Ermírio de Morales, Aloysio de Andrade Faria, Lorenzoi Zambrano, Gregorio Pérez Companc, Anacleto Angelini, Julio Bozano, Luis Carlos Sarmiento, Ricardo Salinas Pliego, Robero Rocca, Emilio Azcárraga Jean, Roberto Rocca. Julio Mario Santo Domingo, Amalia Lacroze, Álvaro Noboa | |
| 650 | 1 | 4 |
_aEmpresarios industriales _vbiografías _zAmérica Latina _914334 |
| 650 | 2 | 4 |
_aBanqueros _vbiografías _zAmérica Latina _914335 |
| 650 | 2 | 4 |
_aIndustriales _vbiografías _zAmérica Latina _914336 |
| 650 | 2 | 4 |
_aMillonarios _914337 |
| 650 | 2 | 4 |
_aCapitalistas _914338 |
| 942 |
_2ddc _cBK |
||
| 999 |
_c7435 _d7435 |
||